000 01130nam0a2200301 4500
001 RU\NLR\bibl\1285574
005 20260409080609.0
021 _aRU
_b2008-65874
_93753
035 _a(NLR Aleph) 001271302
090 _a440806
_c440806
100 _a20081019d2006 |||y0rusy50 ca
101 0 _arus
_aund
_achu
102 _aRU
105 _ay |||||||||
106 _ar
200 1 _aСвятое Евангелие на церковнославянском и русском языках
210 _aКлин
_cХристианская жизнь
_d2006
_eТверь
_gТверской полиграфкомбинат
215 _a831, [1] с.
_d21
320 _aКрат. указ. Евангел. богослужеб. чтений: с. 830-831
500 _aБиблия
_iН.З.
_iЕвангелие
_3RU\NLR\auth\553145
_92631082
605 _aБиблия
_iНовый Завет
_iЕвангелие
_92079095
_3RU\NLR\auth\661254967
686 _aЭ37-220.911
801 0 _aRU
_bNLR
_c20081019
_gRCR
801 1 _aRU
_bNLR
_c20081019
942 _cBOOK
980 _aNB